| 000 | 01380cam a2200157 4500500 | ||
|---|---|---|---|
| 005 | 20251228065330.0 | ||
| 041 | _afre | ||
| 042 | _adc | ||
| 100 | 1 | 0 |
_aSupligeau, Marie-Odile _eauthor |
| 245 | 0 | 0 | _a“Madam’ ma sœur” |
| 260 | _c2002. | ||
| 500 | _a12 | ||
| 520 | _aRésuméJe demeure – en ces mauvaises saisons pour les solidarité instituées et les protections du lien social – gouvernée par de sombres humeurs. Et quand on me rabat les oreilles avec la « découverte » ou « progrès » que constituerait cette prétendue innovation ou injonction : « il faut mettre l’usager au centre de nos pratiques », me voilà brutalement gagnée par un nouvel accès de désagréments. Je me suis même laissée aller à de vulgaires pensées : « Non ! Zut ! Ça va pas la tête ?… » et autres mauvaisetés en réaction à ces proclamations disqualifiantes pour tous ceux qui œuvrent dans des conditions parfois honteuses auprès des démunis, des damnés de la Terre. Dieu merci, hypocrisie, censure, ou réconfort d’anciens compagnonnages au cœur de la folie ont tempéré mon ressentiment et m’ont aidée à « ne pas péter les plombs ». | ||
| 786 | 0 | _nVST - Vie sociale et traitements | 76 | 4 | 2002-11-01 | p. 39-43 | 0396-8669 | |
| 856 | 4 | 1 | _uhttps://shs.cairn.info/revue-vie-sociale-et-traitements-2002-4-page-39?lang=fr&redirect-ssocas=7080 |
| 999 |
_c1591213 _d1591213 |
||